000
00243nam a2200097Ia 4500
001
643380
005
20250826153544.0
008
250824s9999 xx 000 0 und d
245
0
_a
MATEMATİK ÇOK KOLAY
_c
KJARTAN POSKITT
260
_b
GENÇ TİMAŞ
999
_c
643380
_d
643380